[Event "Velika Gorica op 5th"]
[Site "Velika Gorica"]
[Date "2005.08.23"]
[Round "5"]
[White "Zaja, Ivan"]
[Black "Kostrun, Slaven"]
[Result "1-0"]
[WhiteElo "2496"]
[BlackElo "2234"]
[PlyCount "111"]
[EventDate "2005.08.20"]
[EventType "swiss"]
[EventRounds "9"]
[EventCountry "CRO"]
[SourceTitle "CBM 108 Extra"]
[Source "ChessBase"]
[SourceDate "2005.11.04"]
[SourceVersion "1"]
[SourceVersionDate "2005.11.04"]
[SourceQuality "1"]

1. d4 d5 2. Nf3 Nc6 3. c4 Bg4 4. cxd5 Bxf3 5. gxf3 Qxd5 6. e3 e5 7. Nc3 Bb4 8. Bd2 Bxc3 9. bxc3 exd4 10. cxd4 Nge7 11. h4 0-0-0 12. Rc1 Qd6 13. Qb3 f5 14. f4 Rhf8 15. Rb1 b6 16. Rg1 g6 17. Qa4 Rf6 18. Bb5 Qd5 19. Rc1 Kb8 20. Qc4 Qxc4 21. Bxc4 h5 22. Bc3 Nd5 23. Bb2 Kb7 24. a4 a5 25. Ba3 Ncb4 26. Ke2 Re8 27. Bxb4 Nxb4 28. Rg5 Rd8 29. Rgg1 Nc6 30. Rc3 Ne7 31. Rgc1 Rd7 32. f3 c6 33. Rb3 Nc8 34. Rcb1 Rc7 35. Kf2 Rd6 36. Rd3 Rcd7 37. Rbd1 Ne7 38. e4 Rd8 39. Ke3 Ka7 40. Rb1 Rb8 41. Rd2 Rbd8 42. Rg1 Kb7 43. e5 Rd5 44. Bxd5 Nxd5+ 45. Kf2 Nxf4 46. Kg3 Ne6 47. Rgd1 Rd5 48. f4 b5 49. Kf3 Kc7 50. Ke3 b4 51. Rg1 Nf8 52. Rc2 Ne6 53. Rc4 c5 54. dxc5 Nxc5 55. Rgc1 Kb6 56. e6 1-0

[Event "Velika Gorica op 5th"]
[Site "Velika Gorica"]
[Date "2005.08.22"]
[Round "4"]
[White "Novosel, Tomislav"]
[Black "Kostrun, Slaven"]
[Result "0-1"]
[WhiteElo "2117"]
[BlackElo "2234"]
[PlyCount "72"]
[EventDate "2005.08.20"]
[EventType "swiss"]
[EventRounds "9"]
[EventCountry "CRO"]
[SourceTitle "CBM 108 Extra"]
[Source "ChessBase"]
[SourceDate "2005.11.04"]
[SourceVersion "1"]
[SourceVersionDate "2005.11.04"]
[SourceQuality "1"]

1. d4 d5 2. c4 e5 3. dxe5 d4 4. Nf3 Nc6 5. g3 Be6 6. Nbd2 Qd7 7. Bg2 0-0-0 8. 0-0 Bh3 9. a3 h5 10. b4 h4 11. e6 Bxe6 12. c5 hxg3 13. fxg3 Bh3 14. Ne4 Bxg2 15. Kxg2 Nf6 16. Nxf6 Qh3+ 17. Kg1 gxf6 18. Rf2 Ne5 19. Nxe5 fxe5 20. c6 bxc6 21. Qa4 Kb7 22. b5 c5 23. Qa6+ Kb8 24. Qf6 Bd6 25. e4 Rdg8 26. Rg2 Qg4 27. Qf1 Qxe4 28. a4 d3 29. Ba3 Qd4+ 30. Kh1 e4 31. Bb2 Qd5 32. Bxh8 Rxh8 33. Re1 c4 34. Qf6 Be5 35. Qa6 d2 36. Rd1 e3 0-1

[Event "Velika Gorica op 5th"]
[Site "Velika Gorica"]
[Date "2005.08.21"]
[Round "2"]
[White "Komljenovic, Tihomir"]
[Black "Kostrun, Slaven"]
[Result "0-1"]
[WhiteElo "2115"]
[BlackElo "2234"]
[PlyCount "68"]
[EventDate "2005.08.20"]
[EventType "swiss"]
[EventRounds "9"]
[EventCountry "CRO"]
[SourceTitle "CBM 108 Extra"]
[Source "ChessBase"]
[SourceDate "2005.11.04"]
[SourceVersion "1"]
[SourceVersionDate "2005.11.04"]
[SourceQuality "1"]

1. e4 Nc6 2. d4 d5 3. e5 h5 4. c3 Bf5 5. Be2 Qd7 6. Nf3 0-0-0 7. b4 f6 8. b5 Nb8 9. Nbd2 g5 10. Nb3 b6 11. exf6 exf6 12. a4 Qh7 13. Ra2 Ne7 14. a5 Ng6 15. axb6 cxb6 16. Be3 Bd6 17. h4 g4 18. Nfd2 g3 19. c4 gxf2+ 20. Kxf2 Rde8 21. cxd5 Rxe3 22. Kxe3 Qh6+ 23. Kf2 Bg3+ 24. Kf1 Qe3 25. Ne4 Bxe4 26. Qc1+ Qxc1+ 27. Nxc1 Nf4 28. Bf3 Re8 29. Ne2 Bd3 30. Rb2 f5 31. d6 Kd7 32. Rh3 Nxe2 33. Bxe2 Rxe2 34. Rxe2 f4 0-1

[Event "Velika Gorica op 5th"]
[Site "Velika Gorica"]
[Date "2005.08.21"]
[Round "3"]
[White "Kostrun, Slaven"]
[Black "Franic, Milan"]
[Result "0-1"]
[WhiteElo "2234"]
[BlackElo "2390"]
[PlyCount "42"]
[EventDate "2005.08.20"]
[EventType "swiss"]
[EventRounds "9"]
[EventCountry "CRO"]
[SourceTitle "CBM 108 Extra"]
[Source "ChessBase"]
[SourceDate "2005.11.04"]
[SourceVersion "1"]
[SourceVersionDate "2005.11.04"]
[SourceQuality "1"]

1. d4 Nf6 2. Nc3 d5 3. Bg5 Bf5 4. f3 Nbd7 5. Nxd5 Nxd5 6. e4 h6 7. Bd2 e5 8. h4 exd4 9. exd5 Be7 10. Qe2 Nb6 11. 0-0-0 Qxd5 12. Re1 Be6 13. b3 0-0-0 14. Nh3 Qc6 15. Nf4 Bf5 16. Nd3 Ba3+ 17. Kb1 Nc4 18. Qd1 Ne3 19. Bxe3 dxe3 20. Qe2 Qc3 21. Rd1 Rxd3 0-1

[Event "Velika Gorica op 4th"]
[Site "Velika Gorica"]
[Date "2004.08.23"]
[Round "4"]
[White "Rozic, Marijan"]
[Black "Kostrun, Slaven"]
[Result "0-1"]
[WhiteElo "2120"]
[BlackElo "2232"]
[PlyCount "86"]
[EventDate "2004.08.21"]
[EventType "swiss"]
[EventRounds "9"]
[EventCountry "CRO"]
[SourceTitle "EXT 2005"]
[Source "ChessBase"]
[SourceDate "2004.11.15"]
[SourceVersion "1"]
[SourceVersionDate "2004.11.15"]
[SourceQuality "1"]

1. e4 g6 2. Nf3 Bg7 3. d4 d6 4. Bc4 a6 5. a4 b6 6. Be3 Nf6 7. Nc3 e6 8. 0-0 Bb7 9. Bg5 h6 10. Bxf6 Qxf6 11. d5 e5 12. Ra3 Nd7 13. b4 a5 14. bxa5 Rxa5 15. Bb5 Qe7 16. Nd2 0-0 17. Qg4 Nf6 18. Qe2 Nh5 19. Rfa1 Nf4 20. Qf1 f5 21. Nc4 Ra7 22. g3 Nh5 23. a5 bxa5 24. Rxa5 Rxa5 25. Nxa5 Bc8 26. Nc6 Qg5 27. h4 Qf6 28. Be2 f4 29. Bxh5 gxh5 30. Nb5 Kh7 31. Nxc7 Qg6 32. Qg2 f3 33. Qf1 Qxe4 34. c4 Qg6 35. Nb5 e4 36. Ra3 Bf6 37. Nxd6 Bxh4 38. Ra7+ Kh8 39. Qa1+ Kg8 40. Ne5 Qxd6 41. gxh4 e3 42. Kh1 exf2 43. Nxf3 Qg3 0-1

[Event "CRO Cup"]
[Site "Pula"]
[Date "2002.05.08"]
[Round "2"]
[White "Dabo Peranic, Robert"]
[Black "Kostrun, Slaven"]
[Result "1-0"]
[WhiteElo "2282"]
[BlackElo "2204"]
[PlyCount "117"]
[EventDate "2002.05.07"]
[EventType "team"]
[EventRounds "5"]
[EventCountry "CRO"]
[SourceTitle "CBM 088 Extra"]
[Source "ChessBase"]
[SourceDate "2002.07.01"]
[SourceVersion "2"]
[SourceVersionDate "2002.07.01"]
[SourceQuality "1"]

1. e4 Nf6 2. e5 Nd5 3. d4 d6 4. c4 Nb6 5. f4 g6 6. Nc3 Bg7 7. Be3 Be6 8. b3 0-0 9. Rc1 c5 10. dxc5 N6d7 11. cxd6 exd6 12. Qxd6 Nc6 13. Nf3 Re8 14. Be2 Qa5 15. Qd2 f6 16. 0-0 fxe5 17. Ng5 Nd4 18. Nxe6 Nxe2+ 19. Qxe2 Rxe6 20. f5 gxf5 21. Rxf5 Rf8 22. Rxf8+ Nxf8 23. Ne4 Rg6 24. Rf1 Qc7 25. Qd3 Ne6 26. Qd5 Kh8 27. Rd1 Nd4 28. Bxd4 exd4 29. Ng5 Bf6 30. Ne6 Qe7 31. Nxd4 Qe3+ 32. Kh1 Qf2 33. Ne6 b6 34. a4 Qc2 35. Qa8+ Rg8 36. Qf3 Be5 37. g3 Qg6 38. Qd5 Qf6 39. Nf4 Bxf4 40. gxf4 Qxf4 41. Qd4+ Qxd4 42. Rxd4 Re8 43. Rd3 Kg8 44. Kg2 Re2+ 45. Kg3 Rb2 46. h3 Kf7 47. Kf4 Kf6 48. Ke4 Ke6 49. Kd4 Rc2 50. b4 Kd6 51. Rf3 Rd2+ 52. Kc3 Rg2 53. b5 Rg7 54. Rf6+ Kc7 55. Rh6 Kb7 56. Kb4 Rf7 57. a5 Re7 58. a6+ Kb8 59. Rf6 1-0